De abril en adelante : (Registro nro. 14447)

Detalles MARC
000 -LEADER
fixed length control field 00995nam a2200301 a 4500
001 - CONTROL NUMBER
control field 000017779
003 - CONTROL NUMBER IDENTIFIER
control field DO-SdBNP
005 - DATE AND TIME OF LATEST TRANSACTION
control field 20230725114549.0
007 - PHYSICAL DESCRIPTION FIXED FIELD--GENERAL INFORMATION
fixed length control field ta
008 - FIXED-LENGTH DATA ELEMENTS--GENERAL INFORMATION
fixed length control field 100331s2018 dr a 000 0 spa d
020 ## - INTERNATIONAL STANDARD BOOK NUMBER
International Standard Book Number 9789945613018
040 ## - CATALOGING SOURCE
Original cataloging agency DO-SdBNP
Language of cataloging spa
Transcribing agency BPMSU
082 #4 - DEWEY DECIMAL CLASSIFICATION NUMBER
Classification number RD863.44
Item number V443d 2018
Edition number 22
100 1# - MAIN ENTRY--PERSONAL NAME
Personal name Veloz Maggiolo, Marcio,
Dates associated with a name 1936-2021
100 z# - MAIN ENTRY--PERSONAL NAME
Personal name Maggiolo, Marcio Veloz
245 10 - TITLE STATEMENT
Title De abril en adelante :
Remainder of title protonovela /
Statement of responsibility, etc. Marcio Veloz Maggiolo ; presentación Orlando Cordero
250 ## - EDITION STATEMENT
Edition statement 2a ed.
260 ## - PUBLICATION, DISTRIBUTION, ETC. (IMPRINT)
Place of publication, distribution, etc. Santo Domingo :
Name of publisher, distributor, etc. Archivo General de la Nación,
Date of publication, distribution, etc. 2018.
300 ## - PHYSICAL DESCRIPTION
Extent 310 p. :
Dimensions 23 cm.
490 0# - SERIES STATEMENT
Series statement Archivo General de la Nación ;
Volume/sequential designation 346
500 ## - GENERAL NOTE
General note Incluye datos biográficos del autor en las solapas.
590 ## - LOCAL NOTE (RLIN)
Local note Inventariado, 2023/VM
650 #4 - SUBJECT ADDED ENTRY--TOPICAL TERM
Topical term or geographic name as entry element Novela historica dominicana
650 #4 - SUBJECT ADDED ENTRY--TOPICAL TERM
Topical term or geographic name as entry element Literatura dominicana
700 1# - ADDED ENTRY--PERSONAL NAME
Personal name Cordero, Orlando
Relator term presentación
910 ## - USER-OPTION DATA (OCLC)
User-option data VMateo V. Control de calidad. BPMSU
942 ## - ADDED ENTRY ELEMENTS (KOHA)
Source of classification or shelving scheme Dewey Decimal Classification
Koha item type Libros
Existencias
Withdrawn status Lost status Source of classification or shelving scheme Damaged status Not for loan Collection code Home library Current library Date acquired Total Checkouts Full call number Barcode Date last seen Price effective from Koha item type
    Dewey Decimal Classification     Colección Dominicana Biblioteca Pública Metropolitana Salomé Ureña Biblioteca Pública Metropolitana Salomé Ureña 07/25/2023   BPMSU CD RD863.44 V443d 2018 BPMSU23070065 07/25/2023 07/25/2023 Libros